Community Development Block Grant formula : options for improving the targeting of funds : testimony before the Subcommittee on Federalism and the Census, Committee on Government Reform, House of Representatives /
| Main Author: | |
|---|---|
| Corporate Authors: | , |
| Format: | Government Document eBook |
| Language: | English |
| Published: |
[Washington, D.C.] :
U.S. Government Accountability Office,
[2006]
|
| Series: | Testimony ;
GAO-06-904 T. |
| Subjects: | |
| Online Access: | Text version: Abstract: PDF version: |
MARC
| Tag | First Indicator | Second Indicator | Subfields |
|---|---|---|---|
| LEADER | 00000cam a2200000 a 4500 | ||
| 001 | in00002209213 | ||
| 005 | 20220106090433.0 | ||
| 006 | m d f | ||
| 007 | cr mn||||||||| | ||
| 008 | 061016s2006 dcua sb f000 0 eng c | ||
| 035 | |a (OCoLC)ocm73161853 | ||
| 037 | |b GAO (202)512-6000 (voice); (202)512-6061 (Fax); (202)512-2537 (TDD) |f paper copy | ||
| 040 | |a GPO |c GPO |d MvI |d UtOrBLW | ||
| 042 | |a pcc | ||
| 043 | |a n-us--- | ||
| 049 | |a WWW | ||
| 074 | |a 0546-D-01 (online) | ||
| 086 | 0 | |a GA 1.5/2:GAO-06-904 T | |
| 100 | 1 | |a Czerwinski, Stanley J. | |
| 245 | 1 | 0 | |a Community Development Block Grant formula : |b options for improving the targeting of funds : testimony before the Subcommittee on Federalism and the Census, Committee on Government Reform, House of Representatives / |c statement of Stanley J. Czerwinski. |
| 264 | 1 | |a [Washington, D.C.] : |b U.S. Government Accountability Office, |c [2006] | |
| 300 | |a 6 pages : |b digital, PDF file. | ||
| 336 | |a text |b txt |2 rdacontent | ||
| 337 | |a computer |b c |2 rdamedia | ||
| 338 | |a online resource |b cr |2 rdacarrier | ||
| 490 | 1 | |a Testimony ; |v GAO-06-904 T | |
| 538 | |a Mode of access: Internet from GPO Access web site. Address as of 6/7/07: http://www.gao.gov/htext/d06904t.html (text version), http://www.gao.gov/docdblite/summary.php?rptno=GAO-06-904T&accno=A56002 (abstract), http://frwebgate.access.gpo.gov/cgi-bin/getdoc.cgi?dbname=gao&docid=f:d06904t.pdf (PDF version); current access available via PURL. | ||
| 500 | |a Title from title screen (viewed on Oct. 11, 2006). | ||
| 500 | |a "For release ... June 27, 2006." | ||
| 500 | |a Paper version available from: U.S. Government Accountability Office, 441 G St., NW, Rm. LM, Washington, D.C. 20548. | ||
| 504 | |a Includes bibliographical references. | ||
| 500 | |a Electronic resource. | ||
| 610 | 1 | 0 | |a United States. |b Department of Housing and Urban Development |v Rules and practice. |
| 650 | 0 | |a Block grants |z United States. | |
| 650 | 0 | |a Federal aid to community development |z United States. | |
| 710 | 1 | |a United States. |b Congress. |b House. |b Committee on Government Reform. |b Subcommittee on Federalism and the Census. | |
| 710 | 1 | |a United States. |b Government Accountability Office. | |
| 830 | 0 | |a Testimony ; |v GAO-06-904 T. | |
| 856 | 4 | 0 | |3 Text version: |u http://www.gao.gov/htext/d06904t.html |t 0 |
| 856 | 4 | 0 | |3 Abstract: |u http://www.gao.gov/docdblite/summary.php?rptno=GAO-06-904T&accno=A56002 |t 0 |
| 856 | 4 | 0 | |3 PDF version: |u https://purl.fdlp.gov/GPO/LPS73285 |t 0 |
| 999 | |a MARS | ||
| 999 | f | f | |s 45b3d04a-49ab-34f6-8299-a44647f869ce |i 523edb48-7c81-3cd4-b1a9-e671edf1199a |t 0 |
| 952 | f | f | |a Texas A&M University |b College Station |c Electronic Resources |d Available Online |t 0 |e GA 1.5/2:GAO-06-904 T |h Superintendent of Documents classification |
| 998 | f | f | |a GA 1.5/2:GAO-06-904 T |t 0 |l Available Online |